| 000 | 00706nam a22002177a 4500 | ||
|---|---|---|---|
| 003 | OSt | ||
| 005 | 20260126090327.0 | ||
| 008 | 260126b |||||||| |||| 00| 0 eng d | ||
| 020 | _a13 : 978-1-4180-1142-0. | ||
| 040 |
_aDWCL-Main lib _cOC |
||
| 082 | _aCirc. 771 T648b 2007 | ||
| 100 | _aToland, Toni | ||
| 245 |
_aBest practice : _bthe pros on adobe photoshop _cToland, Toni |
||
| 260 |
_aN. Y. : _bThomson Delmar Learning, _cc2007. |
||
| 300 |
_aXIV, 235 pages : _bcolored illustration ; _c25 cm. |
||
| 504 | _aIncludes index. | ||
| 650 | _a1. Adobe photoshop. | ||
| 650 | _a2. Image processing-Digital techniques. | ||
| 650 | _a3. Photography-Digital techniques. | ||
| 942 |
_2ddc _cBK-CIRC _kCirc. _n0 |
||
| 999 |
_c7844 _d7844 |
||